| 000 | 02025cam a2200361 a 4500 | ||
|---|---|---|---|
| 001 | 32470 | ||
| 003 | AR-RoBPED | ||
| 005 | 20260330084605.0 | ||
| 007 | ta | ||
| 008 | 160803s2016 ag a br 001 0 spa | ||
| 020 | _a9789871217892 | ||
| 040 |
_aAR-BaBN _eaacr |
||
| 041 | _aspa | ||
| 100 | 1 |
_aEdelsztein, Valeria _eautora _4aut _d1982- |
|
| 245 | 1 | 0 |
_aCiencia para pasar el invierno / _cValeria Edelsztein ; ilustraciones de Javier Reboursin. |
| 260 |
_aBuenos Aires : _bIamiqué, _c2021. |
||
| 300 |
_a47 p. : _bil. col. ; _c21 cm. |
||
| 490 | 1 | _a(Ciencia todo el año) | |
| 500 | _aSe utiliza con la Estación de Lectura Invierno. | ||
| 505 | 0 | _a¿Cómo sabés que llegó el invierno? -- ¿Cómo sabe tu cuerpo que hace frío? -- ¿Cómo reacciona tu cuerpo frente al frío? -- ¿Por qué el frío te da ganas de hacer pis? -- ¿Por qué se te pone la piel de gallina? -- ¿Por qué tiritas? -- ¿Por qué se te pone roja la nariz? -- ¿Los mocos son buenos o malos? -- ¿Por qué a veces los mocos son verdes? -- ¿Por qué te enfermas más en invierno? -- ¿Qué tiene que ver la gripe con el frío? -- ¿Por qué los alimentos se conservan mejor en el frío? -- ¿Hasta qué valor se puede enfriar algo? -- ¿El frío puede quemar? -- ¿Por qué ves tu propio aliento? -- ¿De dónde sale la escarcha? -- ¿Cómo se forma la nieve? -- ¿Cómo se puede caminar en la nieve? -- ¿Por qué se les echa sal a los caminos? -- ¿Cómo sobreviven los animales que hibernan? -- ¿Todos los animales resisten el frío? | |
| 521 | 1 | _aEdad sugerida a partir de 8 años. | |
| 650 | 4 |
_aESTACIONES DEL AÑO _910163 |
|
| 650 | 4 |
_aDIVULGACION CIENTIFICA _919556 |
|
| 650 | 4 |
_aCIENCIAS DE LA VIDA _910137 |
|
| 650 | 4 |
_aFRIO _913743 |
|
| 650 | 4 |
_aNIEVE _916279 |
|
| 650 | 4 |
_aHIBERNACION _916790 |
|
| 650 | 4 |
_aMIGRACION ANIMAL _95538 |
|
| 653 | _aMOCOS | ||
| 700 | 1 |
_aReboursin, Javier _d1984- _eil. _930661 |
|
| 942 |
_2udc _cBK _h613.13 _kI _mE 23 _nInv. 42328 _ak. 32470 |
||
| 945 | _amev 27/03/2026 - cd 30/03/2026 | ||
| 999 |
_c32470 _d32470 |
||